000 00812nam a22002297a 4500
999 _c6422
_d6422
003 AR-CdUCM
008 190315b ||||| |||| 00| 0 spa d
040 _aMUNICIPALIDAD PROVINCIAL DEL CUSCO
_cBIBLIOTECA MUNICIPAL DEL CUSCO
082 _a030 /
_bJ91
100 _aDon Juan Manuel
_918250
245 _aEl conde Lucanor :
_bLos mejores libros de la literatura española /
260 _aLima ;
_bEditora de Publicaciones Gente,
_c1987.
300 _a127 páginas ;
_c17 cm.
440 _aColección gratuita con la revista Gente (Lima-Perú) por su 3º aniversario.
_n15
_918251
505 _aContenido: Literatura española.
650 _aLiteratura española
_9362
650 _aColección
_92826
650 _aSiglo XX
_98
700 _aBanco de la Nación.
_918155
942 _2ddc
_cLIBROS
945 _adavv